[Event "12th EUR-ch"]
[Site "Aix-les-Bains FRA"]
[Date "2011.03.24"]
[Round "3.88"]
[White "Giffard, Nicolas"]
[Black "Shengelia, David"]
[Result "0-1"]
[WhiteElo "2318"]
[BlackElo "2573"]
[EventDate "2011.03.22"]
[PlyCount "80"]

1.d4 Nf6 2.c4 e6 3.Nc3 Bb4 4.Nf3 b6 5.Qb3 c5 6.a3 Ba5 7.Bf4 Ne4 8.e3 Bb7 
9.Bd3 Nxc3 10.bxc3 Bxf3 11.gxf3 cxd4 12.exd4 Qf6 13.Be3 Qxf3 14.Rg1 Nc6 
15.Be2 Qf6 16.O-O-O h6 17.Rg4 Ne7 18.Rf4 Nf5 19.Bd3 Rc8 20.Kb1 O-O 21.Rg1 
d5 22.Qc2 Nxe3 23.fxe3 Qe7 24.Rfg4 g5 25.Ka2 f5 26.R4g2 Kh8 27.h3 dxc4 28.
Bf1 b5 29.Qd1 Bxc3 30.Qh5 Qh7 31.Rf2 Ba5 32.Bg2 b4 33.axb4 Bxb4 34.Bf1 c3 
35.Bd3 Rf6 36.h4 Qd7 37.hxg5 Qa4+ 38.Kb1 Ba3 39.Ra2 c2+ 40.Bxc2 Qb4+ 0-1

[Event "12th EUR-ch"]
[Site "Aix-les-Bains FRA"]
[Date "2011.03.24"]
[Round "3.89"]
[White "Popov, Valerij"]
[Black "Tate, Alan"]
[Result "1-0"]
[WhiteElo "2565"]
[BlackElo "2300"]
[EventDate "2011.03.22"]
[PlyCount "48"]

1.e4 c5 2.Nf3 d6 3.d4 Nf6 4.Bb5+ Bd7 5.Bxd7+ Qxd7 6.e5 dxe5 7.dxe5 Qxd1+ 
8.Kxd1 Ng4 9.Ke2 Nc6 10.Bf4 g5 11.Bxg5 Bg7 12.c3 Ngxe5 13.Nxe5 Nxe5 14.Nd2
Rg8 15.Rhd1 Rd8 16.Be3 b6 17.h3 h5 18.a4 h4 19.a5 Bh8 20.axb6 axb6 21.Ra6 
Rg6 22.Rda1 Bg7 23.Nf3 Nc4 24.Nxh4 Re6 1-0

[Event "12th EUR-ch"]
[Site "Aix-les-Bains FRA"]
[Date "2011.03.24"]
[Round "3.90"]
[White "Stanciu, Alexandru-Ovidiu"]
[Black "Vocaturo, Daniele"]
[Result "0-1"]
[WhiteElo "2308"]
[BlackElo "2564"]
[EventDate "2011.03.22"]
[PlyCount "62"]

1.d4 Nf6 2.c4 e6 3.Nc3 Bb4 4.a3 Bxc3+ 5.bxc3 O-O 6.f3 Ne8 7.Nh3 b6 8.e4 
Ba6 9.Bd3 Nc6 10.O-O Na5 11.Qe2 c5 12.e5 f6 13.Bf4 cxd4 14.cxd4 Rc8 15.
Rac1 Qe7 16.c5 Bxd3 17.Qxd3 bxc5 18.exf6 Nxf6 19.dxc5 Nb7 20.Qa6 Nxc5 21.
Qxa7 Nd5 22.Bg3 Nd3 23.Rxc8 Rxc8 24.Nf2 N3f4 25.Re1 Ne2+ 26.Rxe2 Rc1+ 27.
Nd1 Rxd1+ 28.Kf2 Rd3 29.a4 Qb4 30.Be5 Rd2 31.Qxd7 Qh4+ 0-1

[Event "12th EUR-ch"]
[Site "Aix-les-Bains FRA"]
[Date "2011.03.24"]
[Round "3.91"]
[White "Shimanov, Aleksandr"]
[Black "L'Ami, Alina"]
[Result "1-0"]
[WhiteElo "2550"]
[BlackElo "2297"]
[EventDate "2011.03.22"]
[PlyCount "93"]

1.d4 Nf6 2.Bg5 Ne4 3.Bf4 c5 4.f3 Qa5+ 5.c3 Nf6 6.Nd2 cxd4 7.Nb3 Qb6 8.Qxd4
Nc6 9.Qxb6 axb6 10.e4 d5 11.Be3 dxe4 12.Bxb6 e5 13.Bc4 Be7 14.fxe4 Nxe4 
15.Nf3 O-O 16.O-O Bd8 17.Bxd8 Rxd8 18.Bxf7+ Kxf7 19.Ng5+ Ke7 20.Nxe4 Be6 
21.Rfe1 b6 22.Ned2 Rd3 23.Nf3 Bxb3 24.axb3 Rxa1 25.Rxa1 Kd6 26.Kf2 Na5 27.
Ke2 Nxb3 28.Kxd3 Nxa1 29.b4 b5 30.Ke4 Nb3 31.Nxe5 Nc1 32.Nf7+ Ke7 33.Ng5 
Ne2 34.Nxh7 Nxc3+ 35.Kd4 Ne2+ 36.Kc5 Nc3 37.Ng5 Kf6 38.Nf3 Kf5 39.Nd4+ Ke4
40.Nxb5 Na4+ 41.Kc6 Ke3 42.Nc7 Kf2 43.g4 Kg2 44.b5 Kxh2 45.Ne6 Kg3 46.Nc5 
Nb2 47.Kd5 1-0

[Event "12th EUR-ch"]
[Site "Aix-les-Bains FRA"]
[Date "2011.03.24"]
[Round "3.92"]
[White "Snuverink, Jochem"]
[Black "Mastrovasilis, Athanasios"]
[Result "0-1"]
[WhiteElo "2307"]
[BlackElo "2547"]
[EventDate "2011.03.22"]
[PlyCount "108"]

1.e4 c5 2.Nf3 g6 3.d4 cxd4 4.Qxd4 Nf6 5.e5 Nc6 6.Qa4 Nd5 7.Qe4 Nb6 8.Nc3 
d5 9.exd6 Bf5 10.Qf4 Bg7 11.Bb5 O-O 12.Bxc6 bxc6 13.dxe7 Qxe7+ 14.Be3 
Bxc3+ 15.bxc3 Nd5 16.Qd4 Nxe3 17.Qxe3 Rfe8 18.O-O Qxe3 19.fxe3 Bxc2 20.Rf2
Bd3 21.Rd1 Rxe3 22.Ne5 Rxe5 23.Rxd3 Rae8 24.Rd7 R8e7 25.Rxe7 Rxe7 26.Rf4 
Kf8 27.Ra4 Rb7 28.Kf2 Ke7 29.Ke3 Kd6 30.g3 Kc5 31.Kd3 Rd7+ 32.Ke2 Re7+ 33.
Kd3 Rd7+ 34.Kc2 h5 35.Rf4 a5 36.Ra4 Kb6 37.Rf4 f5 38.Rf1 Re7 39.Kd3 Re4 
40.Rb1+ Kc7 41.Rb2 Ra4 42.Ke3 Kd6 43.Kd3 Kc5 44.Rf2 Re4 45.Rb2 h4 46.gxh4 
Rxh4 47.Rg2 Rh3+ 48.Kc2 Kc4 49.Kb2 c5 50.a4 Kd3 51.Rxg6 Rxh2+ 52.Kb3 c4+ 
53.Ka3 Rh1 54.Rg2 f4 0-1

[Event "12th EUR-ch"]
[Site "Aix-les-Bains FRA"]
[Date "2011.03.24"]
[Round "3.93"]
[White "Manolache, Marius"]
[Black "Wittmann, Walter"]
[Result "1-0"]
[WhiteElo "2546"]
[BlackElo "2291"]
[EventDate "2011.03.22"]
[PlyCount "56"]

1.d4 d5 2.Nf3 Nf6 3.c4 e6 4.Nc3 dxc4 5.e3 a6 6.a4 b6 7.Bxc4 Bb7 8.O-O Bb4 
9.Qe2 Nbd7 10.Rd1 O-O 11.Bd3 Bd6 12.e4 e5 13.d5 h6 14.Nd2 Nc5 15.Bc2 a5 
16.Nb5 Ba6 17.Ra3 Qd7 18.Rg3 Kh8 19.Nb1 Nb7 20.Qf3 Qe7 21.N1c3 Nh7 22.Qh5 
Qf6 23.Rdd3 Qe7 24.Nd1 Bc5 25.Ne3 Bd6 26.Qg4 f6 27.Bd2 Nd8 28.Nxd6 cxd6 
1-0

[Event "12th EUR-ch"]
[Site "Aix-les-Bains FRA"]
[Date "2011.03.24"]
[Round "3.94"]
[White "Yakovich, Yuri"]
[Black "Hagen, Andreas Skytte"]
[Result "1-0"]
[WhiteElo "2546"]
[BlackElo "2290"]
[EventDate "2011.03.22"]
[PlyCount "109"]

1.c4 Nf6 2.Nc3 e5 3.g3 d5 4.cxd5 Nxd5 5.Bg2 Nb6 6.Nf3 Nc6 7.O-O Be7 8.a3 
O-O 9.b4 Be6 10.d3 Nd4 11.Bb2 Nxf3+ 12.Bxf3 c6 13.Ne4 f6 14.Nc5 Bxc5 15.
bxc5 Nd7 16.Qc2 Qe7 17.d4 exd4 18.Bxd4 Rfd8 19.Rfd1 Nf8 20.h4 Bd5 21.e4 
Bf7 22.Be3 Ne6 23.Qc3 Rxd1+ 24.Rxd1 Rd8 25.Rxd8+ Qxd8 26.Be2 Qe7 27.f3 Nc7
28.Kf2 Qd7 29.Qa5 a6 30.Qb4 Ne6 31.f4 Nd8 32.Qd4 Qxd4 33.Bxd4 Ne6 34.Ke3 
Nf8 35.Kd3 Ba2 36.Kc3 Kf7 37.Bg4 Be6 38.f5 Bc8 39.e5 fxe5 40.Bxe5 Nd7 41.
Bh5+ Kg8 42.Kd4 b6 43.cxb6 Nxb6 44.Be2 Nd7 45.g4 h6 46.Bc4+ Kf8 47.Bd6+ 
Ke8 48.Be6 Kd8 49.g5 hxg5 50.hxg5 Bb7 51.Kc4 Ke8 52.Kb4 Nb6 53.f6 gxf6 54.
g6 Bc8 55.Bf7+ 1-0

[Event "12th EUR-ch"]
[Site "Aix-les-Bains FRA"]
[Date "2011.03.24"]
[Round "3.95"]
[White "Gozzoli, Yannick"]
[Black "Rasch, Holger"]
[Result "1-0"]
[WhiteElo "2543"]
[BlackElo "2288"]
[EventDate "2011.03.22"]
[PlyCount "79"]

1.d4 Nf6 2.Nf3 c5 3.d5 e6 4.Nc3 b5 5.dxe6 fxe6 6.e4 b4 7.e5 bxc3 8.exf6 
Qxf6 9.Bg5 Qf7 10.Bd3 Nc6 11.bxc3 Be7 12.Qe2 Bf6 13.O-O Bxc3 14.Rab1 d5 
15.Qe3 Bd4 16.Nxd4 cxd4 17.Qg3 O-O 18.f4 Bd7 19.Rb7 Rab8 20.Rfb1 Rxb7 21.
Rxb7 Rb8 22.Rxb8+ Nxb8 23.Qh4 h6 24.Bd8 Nc6 25.Bc7 Be8 26.Bd6 Qf6 27.Qg4 
Bf7 28.Qg3 Be8 29.h3 Qf7 30.a3 Qd7 31.Bc5 Qc7 32.Qe1 Bd7 33.Qh4 Be8 34.Qe1
Bd7 35.Qf2 Qa5 36.Bd6 Qd8 37.Qe2 Bc8 38.Qh5 Qxd6 39.Qe8+ Qf8 40.Bh7+ 1-0

[Event "12th EUR-ch"]
[Site "Aix-les-Bains FRA"]
[Date "2011.03.24"]
[Round "3.96"]
[White "Sanikidze, Tornike"]
[Black "Renaze, Luc"]
[Result "1-0"]
[WhiteElo "2542"]
[BlackElo "2286"]
[EventDate "2011.03.22"]
[PlyCount "93"]

1.d4 d5 2.Nf3 Nf6 3.c4 e6 4.Nc3 Bb4 5.cxd5 exd5 6.Bg5 h6 7.Bh4 g5 8.Bg3 
Ne4 9.Nd2 Nxc3 10.bxc3 Bxc3 11.Rc1 Ba5 12.e3 c6 13.h4 g4 14.Be2 f5 15.Be5 
Rg8 16.f3 Nd7 17.Bf4 Nf6 18.Bxh6 Nh5 19.Bg5 Qd6 20.O-O Bc7 21.f4 Ng3 22.
Re1 Ba5 23.Bd3 Qb4 24.Rc2 Kf7 25.Kf2 Ne4+ 26.Bxe4 dxe4 27.Qb1 Qxb1 28.Rxb1
Bxd2 29.Rxd2 b6 30.Rc1 Bd7 31.d5 c5 32.d6 Rac8 33.h5 b5 34.h6 c4 35.Rd5 
Rge8 36.Ke2 c3 37.Rh1 c2 38.Kd2 Rh8 39.Re5 Rce8 40.Kxc2 Rxe5 41.fxe5 Kg6 
42.Bf4 a5 43.Kb2 Be6 44.Rc1 Rc8 45.Rxc8 Bxc8 46.Kc3 Be6 47.Kd4 1-0

[Event "12th EUR-ch"]
[Site "Aix-les-Bains FRA"]
[Date "2011.03.24"]
[Round "3.97"]
[White "Gritsak, Orest"]
[Black "Lefebvre, Herve"]
[Result "1/2-1/2"]
[WhiteElo "2539"]
[BlackElo "2284"]
[EventDate "2011.03.22"]
[PlyCount "43"]

1.Nf3 d5 2.d4 Nf6 3.c4 c6 4.e3 Bf5 5.Nc3 e6 6.Bd3 Bxd3 7.Qxd3 Nbd7 8.O-O 
Be7 9.Rd1 O-O 10.b3 Bb4 11.Bb2 a5 12.Rac1 Qe7 13.Rc2 Rad8 14.c5 e5 15.Nxe5
Nxe5 16.dxe5 Nd7 17.Na4 Nxc5 18.Nxc5 Bxc5 19.a4 Bb4 20.Qf5 Qe6 21.g4 c5 
22.Qxe6 1/2-1/2

[Event "12th EUR-ch"]
[Site "Aix-les-Bains FRA"]
[Date "2011.03.24"]
[Round "3.98"]
[White "Nevednichy, Vladislav"]
[Black "Daurelle, Herve"]
[Result "1-0"]
[WhiteElo "2534"]
[BlackElo "2268"]
[EventDate "2011.03.22"]
[PlyCount "53"]

1.c4 c5 2.g3 Nf6 3.Bg2 d5 4.cxd5 Nxd5 5.Nc3 Nc7 6.d3 Nc6 7.Bxc6+ bxc6 8.
Qa4 Bd7 9.Nf3 f6 10.Be3 e5 11.Qa5 Ne6 12.Qxd8+ Rxd8 13.Rc1 Nd4 14.Nd2 Be6 
15.b3 f5 16.Na4 Rd5 17.Nc4 f4 18.gxf4 exf4 19.Bxf4 Be7 20.Nd2 O-O 21.Be3 
Bg4 22.f3 Bh5 23.Rd1 Rxf3 24.exf3 Nxf3+ 25.Nxf3 Bxf3 26.Kd2 Bxh1 27.Rxh1 
1-0

[Event "12th EUR-ch"]
[Site "Aix-les-Bains FRA"]
[Date "2011.03.24"]
[Round "3.99"]
[White "Boric, Elena"]
[Black "Gabrielian, Artur"]
[Result "0-1"]
[WhiteElo "2292"]
[BlackElo "2532"]
[EventDate "2011.03.22"]
[PlyCount "46"]

1.f4 Nf6 2.Nf3 g6 3.d3 d5 4.g3 Bg7 5.Bg2 O-O 6.O-O c5 7.Qe1 d4 8.Na3 Nd5 
9.Bd2 Nc6 10.c3 Rb8 11.Rb1 b6 12.Nc2 dxc3 13.bxc3 Bb7 14.g4 e5 15.fxe5 
Nxe5 16.Nxe5 Bxe5 17.e4 Nc7 18.d4 cxd4 19.cxd4 Bxd4+ 20.Nxd4 Qxd4+ 21.Be3 
Qd7 22.Bh6 Rfd8 23.Qg3 Ne6 0-1

[Event "12th EUR-ch"]
[Site "Aix-les-Bains FRA"]
[Date "2011.03.24"]
[Round "3.100"]
[White "Rouler, Charly"]
[Black "Muzychuk, Anna"]
[Result "0-1"]
[WhiteElo "2291"]
[BlackElo "2528"]
[EventDate "2011.03.22"]
[PlyCount "54"]

1.Nf3 f5 2.d4 Nf6 3.g3 g6 4.Bg2 Bg7 5.O-O O-O 6.b4 Nc6 7.a3 d5 8.Bb2 Ne4 
9.Nbd2 Be6 10.e3 b5 11.Nxe4 dxe4 12.Nd2 Bd5 13.Qe2 e5 14.Qxb5 exd4 15.exd4
Nxd4 16.Bxd4 Bxd4 17.Rad1 c6 18.Qe2 Qf6 19.c4 Bf7 20.Nb3 Bb6 21.Qc2 Qe6 
22.Rc1 Rad8 23.Rfd1 e3 24.c5 Qxb3 25.Qxb3 Bxb3 26.Rxd8 Bxd8 27.fxe3 Ba4 
0-1

[Event "12th EUR-ch"]
[Site "Aix-les-Bains FRA"]
[Date "2011.03.24"]
[Round "3.101"]
[White "Geenen, Marc"]
[Black "Pavlov, Sergey"]
[Result "1/2-1/2"]
[WhiteElo "2289"]
[BlackElo "2526"]
[EventDate "2011.03.22"]
[PlyCount "132"]

1.e4 Nf6 2.e5 Nd5 3.d4 d6 4.Nf3 dxe5 5.Nxe5 c6 6.Be2 Bf5 7.O-O Nd7 8.Bg4 
Bxg4 9.Qxg4 e6 10.Rd1 Nxe5 11.dxe5 Qc7 12.c4 Ne7 13.Bf4 Ng6 14.Nc3 Nxf4 
15.Qxf4 f5 16.Rd3 Rd8 17.Rxd8+ Qxd8 18.Rd1 Qc7 19.Ne2 Be7 20.Nd4 Qc8 21.g4
O-O 22.gxf5 c5 23.f6 gxf6 24.Nb5 fxe5 25.Qxe5 Bf6 26.Qc7 a6 27.Qxc8 Rxc8 
28.Nc3 Bd4 29.Ne4 b5 30.cxb5 axb5 31.b3 e5 32.Rc1 b4 33.Kf1 Rc6 34.Rc2 Kf7
35.f3 Ke6 36.Rg2 c4 37.bxc4 Rxc4 38.Re2 Rc7 39.Nd2 Rc1+ 40.Re1 Rc2 41.Nb3 
Kd5 42.Re2 Rc3 43.Kg2 Be3 44.Rb2 Kc4 45.Na5+ Kb5 46.Nb3 Ka4 47.Kg3 Ka3 48.
Re2 Bf4+ 49.Kg4 Rc6 50.h4 Ka4 51.h5 Rc8 52.Kf5 Rc3 53.Ke4 h6 54.Na1 Rc1 
55.Nb3 Rc4+ 56.Kd5 Rc3 57.Ke4 Ka3 58.Na5 Rc1 59.Kd5 Rd1+ 60.Kc5 Rc1+ 61.
Kb5 b3 62.axb3 Rf1 63.Nc4+ Kxb3 64.Nxe5 Rh1 65.Re4 Bd2 66.Rc4 Bc3 1/2-1/2

[Event "12th EUR-ch"]
[Site "Aix-les-Bains FRA"]
[Date "2011.03.24"]
[Round "3.102"]
[White "Boruchovsky, Avital"]
[Black "Guliyev, Namig"]
[Result "0-1"]
[WhiteElo "2285"]
[BlackElo "2522"]
[EventDate "2011.03.22"]
[PlyCount "82"]

1.e4 c5 2.c3 e6 3.d4 d5 4.exd5 Qxd5 5.Nf3 Nf6 6.Bd3 Be7 7.O-O O-O 8.Be3 
cxd4 9.cxd4 Nc6 10.Nc3 Qd6 11.a3 b6 12.Re1 Bb7 13.Bc2 Rfd8 14.Qd3 g6 15.h3
Nd5 16.Bh6 Rac8 17.Rad1 Nxc3 18.bxc3 Qxa3 19.Qe3 Nb4 20.Ng5 Nxc2 21.Qe5 
Bf8 22.Nxf7 Qe7 23.Nxd8 Bxh6 24.Re2 Rxd8 25.Rxc2 Bg7 26.Qe3 b5 27.Re2 Bd5 
28.Ra1 Qb7 29.Rb2 Rc8 30.f3 Qb6 31.Kh1 a5 32.Rc1 a4 33.Rcb1 Bb3 34.Qd3 Bc4
35.Qe3 e5 36.Qe4 exd4 37.cxd4 a3 38.Rc2 Qxd4 39.Qb7 Rd8 40.Re1 a2 41.Rcc1 
Qd7 0-1

[Event "12th EUR-ch"]
[Site "Aix-les-Bains FRA"]
[Date "2011.03.24"]
[Round "3.103"]
[White "Jansa, Vlastimil"]
[Black "Vedder, Richard"]
[Result "1-0"]
[WhiteElo "2513"]
[BlackElo "2267"]
[EventDate "2011.03.22"]
[PlyCount "65"]

1.Nf3 d5 2.g3 Nf6 3.Bg2 g6 4.O-O Bg7 5.c4 c6 6.b3 Ne4 7.d4 O-O 8.Bb2 Nd7 
9.Nbd2 Nxd2 10.Qxd2 Nf6 11.Rac1 Ne4 12.Qe3 Be6 13.Rfd1 a5 14.Ne5 Nd6 15.a4
Nf5 16.Qc3 c5 17.cxd5 cxd4 18.Qf3 Qxd5 19.Qxd5 Bxd5 20.Bxd5 Bxe5 21.e4 Nd6
22.f4 Bg7 23.e5 Nf5 24.Bxb7 Rab8 25.Rc7 h5 26.b4 axb4 27.a5 e6 28.a6 Ne3 
29.Rxd4 Nd5 30.Rd7 Nb6 31.Rc7 Na8 32.Re7 Rfd8 33.a7 1-0

[Event "12th EUR-ch"]
[Site "Aix-les-Bains FRA"]
[Date "2011.03.24"]
[Round "3.104"]
[White "Fantin, Ludwig"]
[Black "Durarbeyli, Vasif"]
[Result "1/2-1/2"]
[WhiteElo "2281"]
[BlackElo "2510"]
[EventDate "2011.03.22"]
[PlyCount "45"]

1.Nf3 c5 2.c4 b6 3.g3 Bb7 4.Bg2 Nf6 5.O-O g6 6.Nc3 Bg7 7.d4 cxd4 8.Qxd4 
O-O 9.Qh4 d6 10.Bh6 Nbd7 11.Rac1 Re8 12.Bxg7 Kxg7 13.Rfd1 Rc8 14.b3 Rc5 
15.Qd4 Qa8 16.Ne1 Bxg2 17.Nxg2 a6 18.Ne3 b5 19.b4 Rcc8 20.cxb5 axb5 21.
Nxb5 Rxc1 22.Rxc1 Qxa2 23.Nc3 1/2-1/2

[Event "12th EUR-ch"]
[Site "Aix-les-Bains FRA"]
[Date "2011.03.24"]
[Round "3.105"]
[White "Bukavshin, Ivan"]
[Black "Dubreuil, Julien"]
[Result "1-0"]
[WhiteElo "2501"]
[BlackElo "2265"]
[EventDate "2011.03.22"]
[PlyCount "55"]

1.d4 d5 2.c4 dxc4 3.Nf3 e6 4.e3 Nf6 5.Bxc4 a6 6.O-O b5 7.Bd3 Bb7 8.a4 b4 
9.Nbd2 c5 10.e4 cxd4 11.e5 Nfd7 12.Ne4 Nc5 13.Nxc5 Bxc5 14.Ng5 Be7 15.Qg4 
Bxg5 16.Bxg5 Qd7 17.Bh4 Kf8 18.Rac1 Nc6 19.Rc5 Rc8 20.Rfc1 Na7 21.b3 Rxc5 
22.Rxc5 h6 23.f4 Bd5 24.f5 Nc6 25.Bg3 Qa7 26.Rxd5 exd5 27.f6 gxf6 28.exf6 
1-0

[Event "12th EUR-ch"]
[Site "Aix-les-Bains FRA"]
[Date "2011.03.24"]
[Round "3.106"]
[White "Flear, Glenn Curtis"]
[Black "Ermeni, Avni"]
[Result "0-1"]
[WhiteElo "2498"]
[BlackElo "2264"]
[EventDate "2011.03.22"]
[PlyCount "114"]

1.d4 Nf6 2.c4 c5 3.d5 b5 4.Nf3 d6 5.Nbd2 g6 6.b3 Bg7 7.Bb2 b4 8.g3 O-O 9.
a3 bxa3 10.Rxa3 Na6 11.Bg2 Nb4 12.O-O a5 13.Ne1 Ra7 14.Nb1 Bd7 15.Nc3 Qb6 
16.Na4 Qc7 17.Nd3 Rb8 18.Re1 Rab7 19.Nc1 Bxa4 20.Rxa4 Nd7 21.Bxg7 Kxg7 22.
e4 Nb6 23.Ra3 a4 24.Bf1 axb3 25.Nxb3 Kg8 26.h4 h5 27.f4 Nd7 28.Bh3 Ra7 29.
Rxa7 Qxa7 30.e5 Nf8 31.exd6 exd6 32.Re3 Qa2 33.Qa1 Qxa1+ 34.Nxa1 Nxd5 35.
cxd5 Rb1+ 36.Kf2 Rxa1 37.Re8 Ra2+ 38.Ke3 Ra3+ 39.Kf2 Ra2+ 40.Ke3 Ra3+ 41.
Kf2 Kg7 42.f5 Nh7 43.fxg6 Kxg6 44.Rd8 Ra6 45.Bf1 Rb6 46.Bd3+ f5 47.Re8 Nf6
48.Re6 Kf7 49.Bxf5 Nxd5 50.Kf3 Ne7 51.Bh3 c4 52.Re1 d5 53.Ke3 Rb3+ 54.Kf4 
Ng6+ 55.Kf5 Rf3+ 56.Kg5 Rxg3+ 57.Kxh5 Rxh3 0-1

[Event "12th EUR-ch"]
[Site "Aix-les-Bains FRA"]
[Date "2011.03.24"]
[Round "3.107"]
[White "Doros, Radu-Marian"]
[Black "Stern, Rene"]
[Result "1/2-1/2"]
[WhiteElo "2278"]
[BlackElo "2497"]
[EventDate "2011.03.22"]
[PlyCount "72"]

1.d4 Nf6 2.c4 e6 3.g3 d5 4.Nf3 Bb4+ 5.Bd2 Be7 6.Bg2 c6 7.Qc2 O-O 8.O-O b6 
9.Rd1 Bb7 10.Bf4 Nbd7 11.Nc3 dxc4 12.Nd2 Nd5 13.Nxc4 Nxf4 14.gxf4 Nf6 15.
f5 exf5 16.Qxf5 g6 17.Qf3 Rc8 18.a4 Ba8 19.Qh3 Re8 20.Qd3 Bf8 21.a5 b5 22.
Ne3 a6 23.d5 cxd5 24.Ncxd5 Nxd5 25.Nxd5 Bxd5 26.Bxd5 Qg5+ 27.Kh1 Qf6 28.
Qf3 Bg7 29.Rac1 Qxf3+ 30.Bxf3 Rxc1 31.Rxc1 Bxb2 32.Rc6 Re6 33.Rxe6 fxe6 
34.Bb7 Bc3 35.Bxa6 Bxa5 36.Bxb5 Kf7 1/2-1/2

[Event "12th EUR-ch"]
[Site "Aix-les-Bains FRA"]
[Date "2011.03.24"]
[Round "3.108"]
[White "Yilmaz, Mustafa"]
[Black "Schnabel, Ralf"]
[Result "1-0"]
[WhiteElo "2488"]
[BlackElo "2262"]
[EventDate "2011.03.22"]
[PlyCount "100"]

1.e4 d5 2.exd5 Qxd5 3.Nc3 Qd6 4.d4 Nf6 5.Nf3 c6 6.g3 Bg4 7.Bg2 e6 8.O-O 
Be7 9.h3 Bh5 10.Ne2 O-O 11.c4 a5 12.g4 Bg6 13.Ne5 Nfd7 14.Nxg6 hxg6 15.Bf4
Qb4 16.Qc2 Qb6 17.Rfd1 Na6 18.Nc3 Rac8 19.Qe2 Rfe8 20.Rac1 Rcd8 21.g5 Bf8 
22.Be3 Qc7 23.Rd2 e5 24.d5 Ndc5 25.Rcd1 e4 26.Rd4 cxd5 27.Nxd5 Qe5 28.Nf6+
gxf6 29.Rxd8 f5 30.R1d5 Qe7 31.Rxe8 Qxe8 32.f3 b6 33.fxe4 fxe4 34.a3 Nc7 
35.Rd1 a4 36.Kh1 N7e6 37.Qg4 Qb8 38.Rd2 Qe5 39.Re2 Bd6 40.Kg1 Nd4 41.Bxd4 
Qxd4+ 42.Kf1 Qxc4 43.Bxe4 Qc1+ 44.Re1 Qxb2 45.Bd5 Nd3 46.Qf3 Nf4 47.Bxf7+ 
Kxf7 48.Qb7+ Kg8 49.Qc8+ Kh7 50.Qd7+ Kg8 1-0

[Event "12th EUR-ch"]
[Site "Aix-les-Bains FRA"]
[Date "2011.03.24"]
[Round "3.109"]
[White "Ravot, Sylvain"]
[Black "Can, Emre"]
[Result "1/2-1/2"]
[WhiteElo "2268"]
[BlackElo "2487"]
[EventDate "2011.03.22"]
[PlyCount "171"]

1.d4 Nf6 2.c4 g6 3.Nf3 Bg7 4.g3 O-O 5.Bg2 d6 6.O-O Nc6 7.Nc3 a6 8.b3 Rb8 
9.Nd5 Ne4 10.Bb2 f5 11.Nd2 Ng5 12.e3 e6 13.Nc3 e5 14.d5 Nb4 15.f4 Nf7 16.
Nf3 e4 17.Ne1 a5 18.Qd2 Bd7 19.Rf2 c6 20.Rd1 Qb6 21.Na4 Qa7 22.Bxg7 Kxg7 
23.a3 Na6 24.Bf1 b5 25.dxc6 bxa4 26.cxd7 axb3 27.Qxa5 Qb7 28.Rb2 Nc5 29.
Rxd6 Nxd6 30.Qxc5 Nf7 31.Qd4+ Kg8 32.c5 Rfd8 33.Qc3 Qxd7 34.Bc4 Rbc8 35.
Qf6 Rf8 36.Be6 Qd1 37.Qc3 Rc7 38.Bxb3 Qd6 39.Rc2 Rfc8 40.Qd4 Qe7 41.a4 
Rxc5 42.a5 Rxc2 43.Nxc2 Qd8 44.Bd5 Kf8 45.Nb4 Qxa5 46.Qf6 Qa7 47.Kg2 Qe7 
48.Qd4 Qd6 49.Qa7 Qc7 50.Qa6 Rb8 51.Nc6 Rb2+ 52.Kh3 Qd6 53.Qa8+ Kg7 54.Qa1
Qf6 55.Nd4 Rb6 56.Qa7 Rd6 57.Bc4 h6 58.Qc7 Rxd4 59.exd4 g5 60.Qd7 gxf4 61.
gxf4 Qg6 62.Be2 h5 63.Qe7 Qh6 64.Kg3 Qg6+ 65.Kh3 Kh6 66.Qf8+ Kh7 67.Qe7 
Kg7 68.d5 Kh6 69.Qf8+ Kh7 70.Qe7 Kg7 71.Qh4 Kh6 72.Qe7 Nd6 73.Qf8+ Kh7 74.
Qe7+ Kg8 75.Qe6+ Qxe6 76.dxe6 Kf8 77.Kh4 Ke7 78.Kxh5 Kxe6 79.Kg6 Nb7 80.
Bc4+ Ke7 81.h4 e3 82.h5 Nd6 83.Bd3 Kf8 84.Kf6 Kg8 85.Ke6 Ne4 86.Kxf5 
1/2-1/2

[Event "12th EUR-ch"]
[Site "Aix-les-Bains FRA"]
[Date "2011.03.24"]
[Round "3.110"]
[White "Favarel, Antoine"]
[Black "Paichadze, Luka"]
[Result "0-1"]
[WhiteElo "2267"]
[BlackElo "2487"]
[EventDate "2011.03.22"]
[PlyCount "66"]

1.e4 c6 2.d4 d5 3.Nd2 dxe4 4.Nxe4 Bf5 5.Ng3 Bg6 6.h4 h6 7.Nf3 Nd7 8.h5 Bh7
9.Bd3 Bxd3 10.Qxd3 e6 11.Bf4 Qa5+ 12.Bd2 Bb4 13.c3 Be7 14.c4 Qc7 15.O-O-O 
Ngf6 16.Kb1 O-O 17.Ne4 b5 18.Nxf6+ Nxf6 19.c5 Qd7 20.Ne5 Qd5 21.f3 Bxc5 
22.Nxc6 Rfc8 23.Be3 Bd6 24.Ne5 Bxe5 25.dxe5 Qxe5 26.Bd4 Qg5 27.f4 Qxf4 28.
Rhf1 Qg5 29.Bxf6 gxf6 30.Rf3 Rd8 31.Qxd8+ Rxd8 32.Rxd8+ Kg7 33.a3 Qxg2 0-1

[Event "12th EUR-ch"]
[Site "Aix-les-Bains FRA"]
[Date "2011.03.24"]
[Round "3.111"]
[White "Berescu, Alin-Mile"]
[Black "Nakar, Eylon"]
[Result "1/2-1/2"]
[WhiteElo "2481"]
[BlackElo "2256"]
[EventDate "2011.03.22"]
[PlyCount "114"]

1.e4 e6 2.d4 d5 3.Nc3 Nf6 4.Bg5 Bb4 5.e5 h6 6.Bd2 Bxc3 7.bxc3 Ne4 8.Qg4 g6
9.Bd3 Nxd2 10.Kxd2 c5 11.h4 Nc6 12.Nf3 c4 13.Be2 Bd7 14.Qf4 Qe7 15.Nh2 h5 
16.Nf3 O-O-O 17.Qf6 Rdf8 18.Rab1 Kc7 19.Rhe1 b6 20.Ng5 Bc8 21.Bf1 Qxf6 22.
exf6 Na5 23.Ke3 Bd7 24.Kf4 Nb7 25.Nf3 Nd6 26.Ne5 Ba4 27.Rb2 a6 28.Re3 Nf5 
29.Rh3 Nd6 30.Be2 Ne4 31.Bxc4 b5 32.Bd3 Nxf6 33.Rf3 Nd7 34.Ke3 Nxe5 35.
dxe5 Kd7 36.Rb4 Rhg8 37.Rbf4 Ke7 38.g3 Rg7 39.Rf6 Rc8 40.Kd2 Rd8 41.R3f4 
Rc8 42.Rf3 Rc7 43.R6f4 Rc8 44.Be2 Rc5 45.Bd3 Rc8 46.Rf6 Rc7 47.R3f4 Rc8 
48.a3 a5 49.Rd4 Rh8 50.Rf3 Rc8 51.Rdf4 Rc7 52.Rf6 Rc5 53.R3f4 Rc8 54.f3 
Rf8 55.Rd4 Rh8 56.Rdf4 Rf8 57.Rd4 Rh8 1/2-1/2

[Event "12th EUR-ch"]
[Site "Aix-les-Bains FRA"]
[Date "2011.03.24"]
[Round "3.112"]
[White "Dolzhykova, Kateryna"]
[Black "Libiszewski, Fabien"]
[Result "1/2-1/2"]
[WhiteElo "2265"]
[BlackElo "2481"]
[EventDate "2011.03.22"]
[PlyCount "113"]

1.e4 c5 2.Nf3 Nc6 3.Bb5 g6 4.Bxc6 bxc6 5.O-O Bg7 6.Re1 Nh6 7.c3 d6 8.d4 
Qb6 9.h3 O-O 10.Qc2 Rb8 11.Nbd2 Ba6 12.e5 cxd4 13.cxd4 dxe5 14.Nxe5 Nf5 
15.Nb3 Rfd8 16.Be3 Rbc8 17.Rad1 Rd5 18.Nf3 Rcd8 19.Nc5 Bc8 20.a3 Qc7 21.
Nb3 h6 22.Rc1 Qb8 23.Nc5 a5 24.Qc3 Qb5 25.a4 Qb6 26.Nb3 Bd7 27.Ne5 Be8 28.
Nc4 Qb8 29.Ncxa5 e5 30.dxe5 Bxe5 31.Qc2 Nxe3 32.fxe3 Bg3 33.Red1 Qa7 34.
Nc4 Qxa4 35.Rxd5 cxd5 36.Ncd2 Qh4 37.Nf3 Qe7 38.Qc3 Bd7 39.Nbd4 h5 40.Ne2 
Bb8 41.Qc5 Bd6 42.Qd4 Bf5 43.Nf4 Be4 44.Kf2 Bb8 45.Qd2 Bxf3 46.Kxf3 Qe4+ 
47.Kf2 d4 48.Ne2 d3 49.Nd4 Ba7 50.Qa5 Rxd4 51.Qxa7 Rb4 52.Qa3 Rb5 53.Rc8+ 
Kh7 54.Rh8+ Kxh8 55.Qf8+ Kh7 56.Qxf7+ Kh8 57.Qf8+ 1/2-1/2

[Event "12th EUR-ch"]
[Site "Aix-les-Bains FRA"]
[Date "2011.03.24"]
[Round "3.113"]
[White "Codenotti, Marco"]
[Black "Brunner, Nicolas"]
[Result "1/2-1/2"]
[WhiteElo "2262"]
[BlackElo "2478"]
[EventDate "2011.03.22"]
[PlyCount "50"]

1.e4 c5 2.Nf3 d6 3.d4 cxd4 4.Nxd4 Nf6 5.Nc3 a6 6.Be3 e5 7.Nb3 Be7 8.f3 O-O
9.Qd2 Be6 10.O-O-O Nbd7 11.g4 b5 12.g5 b4 13.Ne2 Ne8 14.f4 a5 15.f5 a4 16.
fxe6 axb3 17.exf7+ Rxf7 18.cxb3 Rxa2 19.Ng3 Rxf1 20.Rhxf1 Ra1+ 21.Kc2 Qc8+
22.Kd3 Qa6+ 23.Kc2 Qc6+ 24.Kd3 Qa6+ 25.Kc2 Qc6+ 1/2-1/2

[Event "12th EUR-ch"]
[Site "Aix-les-Bains FRA"]
[Date "2011.03.24"]
[Round "3.114"]
[White "Loiret, Stanislas"]
[Black "Bagirov, Rufat"]
[Result "1/2-1/2"]
[WhiteElo "2258"]
[BlackElo "2476"]
[EventDate "2011.03.22"]
[PlyCount "100"]

1.Nf3 Nf6 2.c4 e6 3.Nc3 d5 4.d4 Bb4 5.e3 O-O 6.Bd3 c5 7.O-O Nc6 8.a3 Bxc3 
9.bxc3 Qc7 10.Qc2 dxc4 11.Bxc4 e5 12.Nxe5 Nxe5 13.dxe5 Qxe5 14.f3 Be6 15.
Bxe6 fxe6 16.e4 Rad8 17.Be3 Rf7 18.Rad1 Rfd7 19.h3 Nd5 20.Bxc5 Nxc3 21.Bd4
Ne2+ 22.Qxe2 Rxd4 23.Rxd4 Qxd4+ 24.Qf2 Qxf2+ 25.Kxf2 Rd2+ 26.Kg3 Kf7 27.
Rb1 b6 28.Rc1 Ke7 29.Rc7+ Rd7 30.Rc3 Kd6 31.Kf4 Rc7 32.Rd3+ Ke7 33.h4 b5 
34.Rb3 Rb7 35.Ke5 a5 36.f4 h5 37.Rg3 Kf7 38.Kd6 b4 39.Kc6 Rb8 40.Kc7 Rb5 
41.Kc6 Rb8 42.Kc7 Ra8 43.a4 e5 44.f5 Ra6 45.Rd3 g6 46.Rd7+ Kf8 47.Rd8+ Kg7
48.Rd7+ Kf8 49.Rd8+ Kg7 50.Rd7+ Kf8 1/2-1/2

[Event "12th EUR-ch"]
[Site "Aix-les-Bains FRA"]
[Date "2011.03.24"]
[Round "3.115"]
[White "Levin, Evgeny"]
[Black "Hamiti, Gani"]
[Result "1-0"]
[WhiteElo "2472"]
[BlackElo "2254"]
[EventDate "2011.03.22"]
[PlyCount "135"]

1.d4 d5 2.c4 dxc4 3.Nf3 Nf6 4.e3 e6 5.Bxc4 a6 6.Qe2 c5 7.dxc5 Bxc5 8.a3 b5
9.Bd3 Nbd7 10.b4 Bd6 11.Bb2 O-O 12.Nbd2 Bb7 13.O-O Rc8 14.Rfd1 Qe7 15.Rac1
e5 16.Rxc8 Rxc8 17.Ng5 h6 18.Nge4 Bb8 19.Ng3 Nb6 20.Nde4 Nxe4 21.Nxe4 Na4 
22.Ba1 g6 23.Qg4 Kg7 24.Ng3 Kf8 25.Be4 Nb6 26.Qf3 Bxe4 27.Nxe4 Qb7 28.g4 
Nc4 29.Qf6 Qxe4 30.Qh8+ Ke7 31.Qxc8 Nd6 32.Qc1 Qxg4+ 33.Kf1 Qh3+ 34.Ke1 
Qxh2 35.Qc5 Qg1+ 36.Ke2 Qg4+ 37.Kd2 f6 38.Kc1 Qc4+ 39.Bc3 Bc7 40.Kc2 Qxc5 
41.bxc5 Ne4 42.Bb4 a5 43.c6+ axb4 44.Rd7+ Ke6 45.Rxc7 bxa3 46.Rd7 Nc5 47.
Rg7 a2 48.Kb2 Na4+ 49.Kxa2 g5 50.Kb3 Kd6 51.c7 Nb6 52.Rf7 h5 53.Rxf6+ Kxc7
54.Rf5 Kd6 55.Rxg5 Nd5 56.Rxh5 Ke6 57.Kc2 b4 58.Rh4 Kd6 59.Rc4 Ke6 60.e4 
Nf6 61.f3 Nh7 62.Rxb4 Ng5 63.Rb3 Kf6 64.Kd2 Nh3 65.Ke3 Nf4 66.Rb8 Ne6 67.
Rb6 Kf7 68.Kf2 1-0